Statistiques concernant Culture Générale - Série 800

Cliquez ici pour prendre le quiz!

Statistiques générales

  • Ce quiz a été pris 169 fois
  • Le résultat moyen est 5 sur 10

Statistiques - réponses

QuestionRéponse% Correct
Quelle nom portait la reine d'Égypte célèbre pour avoir été aimée de César ?Cléopâtre
99%
Lorsqu'un enfant rentre en CP, il entre au "cours...Préparatoire
92%
A Paris, combien d'avenues partent de la place de l'Étoile, rebaptisée place Charles-de-Gaulle en 1970 ?12
88%
De quel pays Shimon Peres est-il devenu le président, en 2007 ?Israël
67%
Quand on parle d'une jeune fille innocente, on la compare à une oie...blanche
65%
Quel élément chimique, extrêmement radioactif, a pour numéro atomique 88 ?radium
52%
Quel arbrisseau grimpant, aux fleurs parfumées, tient son nom du bas latin "caprifolium" signifiant "feuille de chèvre ou de bouc" ?chèvrefeuille
47%
En 1955, dans "Les Diaboliques" d'Henri-Georges Clouzot, les personnages de Christina et de Nicole sont incarnés par Véra Clouzot et...Simone Signoret
29%
Quel quartier de Paris a donné son nom à une entrecôte préparée avec du vin blanc ?Bercy
5%
Quel adjectif qualifie un oiseau dont les petits quittent le nid peu après la naissance ?nidifuge
4%

Distribution des résultats

Percentile par nombre de réponses

% des personnes avec chaque résultat

Votre développement - résultats

Vous n’avez pas pris ce quiz